CLINICAL NURSING PROCEDURES (Record no. 24948)

MARC details
000 -LEADER
fixed length control field 00395nam a22001697a 4500
003 - CONTROL NUMBER IDENTIFIER
control field SGT
020 ## - INTERNATIONAL STANDARD BOOK NUMBER
International Standard Book Number 9789390619078
082 ## - DEWEY DECIMAL CLASSIFICATION NUMBER
Classification number 610.73
Item number C23G
100 ## - MAIN ENTRY--PERSONAL NAME
Personal name GHAI, SANDHYA
245 ## - TITLE STATEMENT
Title CLINICAL NURSING PROCEDURES
250 ## - EDITION STATEMENT
Edition statement 3RD
260 ## - PUBLICATION, DISTRIBUTION, ETC. (IMPRINT)
Place of publication, distribution, etc INDIA
Name of publisher, distributor, etc CBS PUB
Year of Publication 2023
300 ## - PAGE DESCRIPTION
No. of Pages 1321
650 ## - SUBJECT ADDED ENTRY--TOPICAL TERM
Topical term or geographic name as entry element NURSING PROCEDURES
653 ## - KEYWORDS--INDEX TERM
Keyword term CLINICAL NURSING PROCEDURES
942 ## - ADDED ENTRY ELEMENTS (KOHA)
Source of classification or shelving scheme Dewey Decimal Classification
Koha item type Books
942 ## - ADDED ENTRY ELEMENTS (KOHA)
-- 3
Holdings
Withdrawn status Lost status Source of classification or shelving scheme Damaged status Not for loan Collection code Home library Current library Shelving location Date acquired Vendor Name Cost, normal purchase price SGTU Bill Number Total Checkouts Full call number Accession No. (Barcode) Date last seen Date last borrowed Bill Date Koha item type
    Dewey Decimal Classification     NURSING SGT Medical Library SGT Medical Library Reference Book 02/09/2023 ABC DELHI 1795.00 SGTU 16927 2 610.73 C23G FN5291 10/09/2024 02/09/2024 20/06/2023 Books
    Dewey Decimal Classification     NURSING SGT Medical Library SGT Medical Library Reference Book 02/09/2023 ABC DELHI 1795.00 SGTU 16927 2 610.73 C23G FN5292 06/08/2024 02/08/2024 20/06/2023 Books
    Dewey Decimal Classification   Not For Loan NURSING SGT Medical Library SGT Medical Library Reference Book 02/09/2023 ABC DELHI 1795.00 SGTU 16927   610.73 C23G FN5293 02/09/2023   20/06/2023 Books
    Dewey Decimal Classification   Not For Loan NURSING SGT Medical Library SGT Medical Library Reference Book 02/09/2023 ABC DELHI 1795.00 SGTU 16927   610.73 C23G FN5294 02/09/2023   20/06/2023 Books
    Dewey Decimal Classification   Not For Loan NURSING SGT Medical Library SGT Medical Library Reference Book 02/09/2023 ABC DELHI 1795.00 SGTU 16927   610.73 C23G FN5295 02/09/2023   20/06/2023 Books